| 000 | 00417cam a22001337a 4500 | ||
|---|---|---|---|
| 008 | 180718b1971 xxu||||| |||| 00| 0 eng d | ||
| 082 | _aB123 Sm53 | ||
| 245 |
_aConflict resolution: contribution of the behavioral sciences _cedited by Glagolt G. Smith |
||
| 260 |
_aNotre Dame _bNotre Dame Univ. _c1971 |
||
| 300 | _a553p. | ||
| 650 | _aConflict (Psychology) | ||
| 650 | _aSocial conflict | ||
| 700 | _aSmith, Glagolt G. | ||
| 999 |
_c354709 _d354709 |
||